Tableau des médailles olympiques - Los Angeles 1932 - Statistiques

Statistiques générales
  • Ce quiz a été pris 8 fois
  • Le résultat moyen est 7 sur 10
Statistiques - réponses
Or Argent Bronze Total Pays % Correct
41 32 30 103 États-Unis
100%
10 5 4 19 France
100%
2 5 8 15 Canada
86%
4 7 5 16 Grande-Bretagne
86%
5 8 12 25 Finlande
71%
12 12 12 36 Italie
71%
7 7 4 18 Japon
71%
9 5 9 23 Suède
71%
3 12 5 20 Allemagne
57%
6 4 5 15 Hongrie
29%
Aucun quiz correspondant
Distribution des résultats
% des personnes avec chaque résultat
Percentile par nombre de réponses
Votre historique - résultats
Vous n’avez pas pris ce quiz